00767nam a2200217Ia 4500003000900000008004100009040001600050080001300066100002500079245009600104260004400200300001300244490005600257500002600313650004100339650002500380650003300405942000700438999001500445952008900460IN-BaIIA211028s9999 xx 000 0 eng d cIIA Library a533bSPI aSpitzer, Lyman95802 0aPhysics of fully ionized gasescLyman Spitzer  aNew YorkbInterscience Publishersc1956 aix,105p. aInterscience tracts on physics and astronomy; no. 3 aDonated by Mrs. Bappu aAstronomy and astrophysics thesaurus aPlasma physics93732 aPlsamas - ionized gas912811 cBK c7531d7531 00104070aBANbBANcGENd1983-07-18l0o533/ SPIp8344r2021-11-05w1983-07-18yBK